[Event "XVII C.to Italiano U20"]
[Site "Bratto - Castione della Presolana ITA"]
[Date "2009.08.23"]
[Round "3"]
[White "Bellemo, Davide"]
[Black "Pascucci, Marco"]
[Result "1-0"]
[WhiteElo "2092"]
[BlackElo "2008"]
[PlyCount "65"]
[EventDate "2009.08.21"]

1. d4 Nf6 2. c4 g6 3. Nc3 Bg7 4. e4 d6 5. Nf3 O-O 6. Be2 e5 7. O-O Nc6 8. d5
Ne7 9. Ne1 Nd7 10. Be3 f5 11. f3 f4 12. Bf2 g5 13. Nd3 h5 14. c5 Nf6 15. cxd6
cxd6 16. Rc1 g4 17. Nb5 g3 18. hxg3 fxg3 19. Bxg3 Bh6 20. Rc3 h4 21. Bxh4 Ng6
22. Bf2 Rf7 23. Qc2 Nf4 24. Nxf4 Bxf4 25. Nxd6 Rh7 26. Rd1 Bd7 27. Bb5 Bxb5 28.
Nxb5 Nh5 29. Nc7 Rc8 30. Ne6 Bh2+ 31. Kf1 Rxc3 32. Qxc3 Qe8 33. Rc1 1-0

[Event "XVII C.to Italiano U20"]
[Site "Bratto - Castione della Presolana ITA"]
[Date "2009.08.23"]
[Round "3"]
[White "Coladangelo, Andrea"]
[Black "Caldonazzo, Matteo"]
[Result "1-0"]
[WhiteElo "1885"]
[BlackElo "1802"]
[PlyCount "65"]
[EventDate "2009.08.21"]

1. e4 e6 2. d4 d5 3. Nc3 Nf6 4. Bg5 Be7 5. e5 Nfd7 6. Bxe7 Qxe7 7. f4 c5 8. Nb5
Kd8 9. Nf3 Nc6 10. Nd6 cxd4 11. Bb5 f6 12. Bxc6 bxc6 13. Qd2 Kc7 14. Qa5+ Nb6
15. O-O-O g5 16. g3 Rf8 17. Nxd4 gxf4 18. Qc5 Bd7 19. Rd3 fxe5 20. N4b5+ Kb8
21. Nxa7 Nc4 22. Rb3+ Kc7 23. Rb7+ Kd8 24. Nxc6+ Bxc6 25. Rxe7 Kxe7 26. Nxc4+
Kf6 27. Nxe5 Kxe5 28. Re1+ Kf5 29. Qxc6 Rae8 30. gxf4 Re7 31. Qd6 Rff7 32. Qe5+
Kg4 33. Qg5+ 1-0

[Event "XVII C.to Italiano U20"]
[Site "Bratto - Castione della Presolana ITA"]
[Date "2009.08.23"]
[Round "3"]
[White "Delledonne, Francesco"]
[Black "Valbusa, Lorenzo"]
[Result "1/2-1/2"]
[WhiteElo "1936"]
[BlackElo "1749"]
[PlyCount "90"]
[EventDate "2009.08.21"]

1. d4 f5 2. g3 d6 3. Bg2 Nf6 4. c4 g6 5. b3 Bg7 6. Bb2 O-O 7. Nf3 Qe8 8. O-O c6
9. Nbd2 Na6 10. Rc1 h6 11. Re1 g5 12. a3 Nh5 13. e4 f4 14. e5 Qf7 15. Rf1 Bf5
16. Ne1 g4 17. Be4 dxe5 18. dxe5 Rad8 19. Qe2 Nc5 20. Bxf5 Qxf5 21. b4 Rxd2 22.
Qxd2 Nb3 23. Qe2 Nxc1 24. Bxc1 Bxe5 25. Nd3 Bb8 26. Nxf4 Nxf4 27. Bxf4 Bxf4 28.
gxf4 Rf7 29. Qe3 Qxf4 30. Qxa7 e5 31. Qc5 h5 32. b5 cxb5 33. cxb5 h4 34. Rd1 h3
35. Qe3 Qxe3 36. fxe3 b6 37. Rd6 Ra7 38. Rd3 Kf7 39. Kf2 Ke6 40. e4 Rf7+ 41.
Ke2 Rf4 42. Re3 Kd6 43. Rd3+ Ke6 44. Re3 Kd6 45. Rd3+ Ke6 1/2-1/2

[Event "XVII C.to Italiano U20"]
[Site "Bratto - Castione della Presolana ITA"]
[Date "2009.08.23"]
[Round "3"]
[White "Fiducioso, Marco"]
[Black "Codenotti, Marco"]
[Result "1-0"]
[WhiteElo "2122"]
[BlackElo "2117"]
[PlyCount "87"]
[EventDate "2009.08.21"]

1. e4 c5 2. Nf3 d6 3. Nc3 a6 4. d4 cxd4 5. Nxd4 Nf6 6. f3 e6 7. Be3 b5 8. g4 b4
9. Nce2 h6 10. Qd2 e5 11. Nb3 d5 12. exd5 Qxd5 13. O-O-O Be6 14. Ng3 Nbd7 15.
Bg2 Qxd2+ 16. Rxd2 Rc8 17. Rhd1 Be7 18. h3 O-O 19. f4 exf4 20. Bxf4 Nc5 21. Kb1
Nxb3 22. axb3 Rcd8 23. Bd6 Bxd6 24. Rxd6 Rd7 25. Bf1 a5 26. Bb5 Rxd6 27. Rxd6
h5 28. gxh5 Bxh3 29. c4 bxc3 30. bxc3 Rc8 31. Bc4 a4 32. Kb2 axb3 33. Bxb3 Bg4
34. h6 Ne8 35. Rb6 gxh6 36. Rg6+ Kh7 37. Rxg4 Nf6 38. Rf4 Rc6 39. Bxf7 Kg7 40.
Bb3 h5 41. Rf5 Kg6 42. Bf7+ Kxf7 43. Nxh5 Ke7 44. Rxf6 1-0

[Event "XVII C.to Italiano U20"]
[Site "Bratto - Castione della Presolana ITA"]
[Date "2009.08.23"]
[Round "3"]
[White "Gallana, Marco"]
[Black "De Nardi, Riccardo"]
[Result "1-0"]
[WhiteElo "1980"]
[BlackElo "2077"]
[PlyCount "113"]
[EventDate "2009.08.21"]

1. d4 Nf6 2. c4 e6 3. Nf3 b6 4. g3 Bb7 5. Bg2 Bb4+ 6. Bd2 Bxd2+ 7. Nbxd2 O-O 8.
O-O d5 9. cxd5 exd5 10. Qc2 Nbd7 11. b4 Rc8 12. Qb3 Qe7 13. a4 Ne4 14. e3 g5
15. Nxe4 dxe4 16. Nd2 g4 17. Rac1 Nf6 18. Qb1 h5 19. b5 Rfe8 20. Nc4 Nh7 21.
Ne5 Ng5 22. Qb3 Kg7 23. Rc3 f6 24. Nc6 Bxc6 25. Rxc6 Qd7 26. Rfc1 Re7 27. d5
Nf3+ 28. Bxf3 gxf3 29. Qd1 Rd8 30. Qd4 Rf8 31. Qc4 Qh3 32. Qf1 Qd7 33. Rd1 Rd8
34. h3 Kg6 35. Kh2 Kg7 36. Qc4 Kg6 37. Qd4 Qf5 38. Qc4 Rdd7 39. Rd4 Qe5 40. h4
Kg7 41. Qb4 Kf7 42. Qc4 Kg7 43. Qb4 Kf7 44. Rcc4 f5 45. Rc6 Rd6 46. Qc4 Red7
47. Rxc7 Ke7 48. Rxd7+ Kxd7 49. Rd2 Kd8 50. Rc2 Rd7 51. Qc8+ Ke7 52. Qg8 Qxd5
53. Qg5+ Kf7 54. Rc6 Rd6 55. Qxh5+ Kg7 56. Qg5+ Kh7 57. Qe7+ 1-0

[Event "XVII C.to Italiano U20"]
[Site "Bratto - Castione della Presolana ITA"]
[Date "2009.08.23"]
[Round "3"]
[White "Gallucci, Alessio"]
[Black "Bonafede, Alessandro"]
[Result "1/2-1/2"]
[WhiteElo "2240"]
[BlackElo "2288"]
[PlyCount "120"]
[EventDate "2009.08.21"]

1. e4 c5 2. Nf3 Nc6 3. d4 cxd4 4. Nxd4 Nf6 5. Nc3 e5 6. Ndb5 d6 7. Bg5 a6 8.
Na3 b5 9. Bxf6 gxf6 10. Nd5 Bg7 11. Bd3 Ne7 12. Nxe7 Qxe7 13. c3 f5 14. Nc2 f4
15. Nb4 O-O 16. Qh5 Bb7 17. O-O-O Rab8 18. f3 Rfc8 19. Rhe1 a5 20. Nd5 Bxd5 21.
exd5 b4 22. Qxh7+ Kf8 23. c4 e4 24. Rxe4 Qf6 25. Rd2 a4 26. Kd1 a3 27. b3 Bh6
28. Bb1 Re8 29. Rde2 Bg7 30. Qf5 Qa1 31. Rxf4 Bf6 32. Re6 fxe6 33. Qxf6+ Qxf6
34. Rxf6+ Kg7 35. Rxe6 Rxe6 36. dxe6 Kf6 37. h4 Kxe6 38. h5 Rh8 39. g4 Ke5 40.
Be4 Kf4 41. Kd2 Kg5 42. Ke3 Re8 43. Kd3 Re7 44. Kd4 Re5 45. Ke3 Re8 46. Kf2 Rh8
47. Kg3 Rf8 48. Bg6 Rf4 49. Be4 Rf8 50. Bf5 Re8 51. f4+ Kh6 52. Kh4 Re1 53. g5+
Kg7 54. h6+ Kf7 55. g6+ Kf6 56. g7 Kxf5 57. h7 Kxf4 58. Kh3 Kf3 59. Kh2 Re2+
60. Kh3 Re1 1/2-1/2

[Event "XVII C.to Italiano U20"]
[Site "Bratto - Castione della Presolana ITA"]
[Date "2009.08.23"]
[Round "3"]
[White "Palmitessa, Andrea"]
[Black "De Filomeno, Simone"]
[Result "0-1"]
[WhiteElo "1796"]
[BlackElo "2221"]
[PlyCount "64"]
[EventDate "2009.08.21"]

1. e4 c5 2. Nc3 Nc6 3. f4 g6 4. Nf3 Bg7 5. g3 d6 6. Bg2 e6 7. O-O Nge7 8. d3
O-O 9. Be3 b6 10. h3 Bb7 11. g4 d5 12. Bd2 dxe4 13. dxe4 Nd4 14. Rb1 Nxf3+ 15.
Bxf3 Qd4+ 16. Kg2 Rad8 17. Be1 Ba6 18. Rf2 Nc6 19. Rd2 Qe3 20. Rxd8 Rxd8 21.
Qc1 Bf1+ 22. Kxf1 Qxf3+ 23. Bf2 Qxh3+ 24. Kg1 Qxg4+ 25. Kh2 Bh6 26. Be3 Nd4 27.
Qf1 Nxc2 28. Bc1 Nd4 29. Be3 Nf3+ 30. Kh1 Bxf4 31. Bxf4 Qxf4 32. Qh3 Rd2 0-1

[Event "XVII C.to Italiano U20"]
[Site "Bratto - Castione della Presolana ITA"]
[Date "2009.08.23"]
[Round "3"]
[White "Paltrinieri, Nicholas"]
[Black "Campagnola, Giacomo"]
[Result "1-0"]
[WhiteElo "1998"]
[BlackElo "1821"]
[PlyCount "55"]
[EventDate "2009.08.21"]

1. d4 Nc6 2. Nf3 d6 3. e4 Bg4 4. Be3 a6 5. Be2 Nf6 6. Nc3 g6 7. h3 Bd7 8. Qd2
Bg7 9. Nh2 b5 10. Bf3 Rc8 11. Ng4 Na5 12. Bh6 Nc4 13. Qc1 Bxh6 14. Nxf6+ exf6
15. Qxh6 c5 16. Qg7 Rf8 17. Nd5 Qa5+ 18. b4 cxb4 19. O-O Bxh3 20. Nxf6+ Ke7 21.
gxh3 h5 22. Rfe1 Qa3 23. Bg2 Nd2 24. Re3 Qb2 25. Rae1 Rxc2 26. e5 Rfc8 27.
exd6+ Kxd6 28. Re6+ 1-0

[Event "XVII C.to Italiano U20"]
[Site "Bratto - Castione della Presolana ITA"]
[Date "2009.08.23"]
[Round "3"]
[White "Rombaldoni, Brian"]
[Black "Stella, Luca"]
[Result "0-1"]
[WhiteElo "1831"]
[BlackElo "1987"]
[PlyCount "104"]
[EventDate "2009.08.21"]

1. b3 e5 2. Bb2 Nc6 3. e3 d5 4. Bb5 Bd6 5. f4 Qh4+ 6. g3 Qe7 7. Nf3 Bg4 8. fxe5
Bxe5 9. Bxe5 Bxf3 10. Qxf3 Qxe5 11. O-O Nf6 12. Nc3 O-O 13. Bxc6 bxc6 14. Rae1
Rfe8 15. Rf2 Re7 16. Rfe2 Rae8 17. Qf4 Qd6 18. Qa4 Qc5 19. Qd4 Qb6 20. d3 h6
21. Qf4 a5 22. Kg2 Qb4 23. Qxb4 axb4 24. Nd1 Nd7 25. d4 Nf6 26. c3 bxc3 27.
Nxc3 g5 28. h3 Kg7 29. g4 h5 30. gxh5 Nxh5 31. Kf3 f5 32. a4 Kg6 33. a5 Ra8 34.
b4 Nf6 35. Ra1 Rh7 36. Kg2 g4 37. hxg4 Nxg4 38. Kg3 Kg5 39. b5 Rah8 40. Rg1
Rh3+ 41. Kg2 Nxe3+ 42. Rxe3 Rxe3 43. Kf2+ Kf4 44. Ne2+ Ke4 45. Ng3+ Rxg3 46.
Rxg3 cxb5 47. Rb3 c6 48. Rc3 Rc8 49. a6 Kxd4 50. Rc1 Ke5 51. a7 Kd6 52. Rh1 Kd7
0-1

[Event "XVII C.to Italiano U20"]
[Site "Bratto - Castione della Presolana ITA"]
[Date "2009.08.23"]
[Round "3"]
[White "Stella, Andrea"]
[Black "Testa, Adriano"]
[Result "1-0"]
[WhiteElo "2301"]
[BlackElo "2142"]
[PlyCount "67"]
[EventDate "2009.08.21"]

1. d4 d5 2. c4 e6 3. Nf3 Nf6 4. e3 c6 5. b3 Nbd7 6. Bb2 Ne4 7. Bd3 f5 8. O-O
Bd6 9. Ne5 Qf6 10. f4 O-O 11. Nc3 Qh6 12. Rf3 Nxe5 13. dxe5 Bc5 14. Rc1 Bb6 15.
Na4 Rd8 16. c5 Bc7 17. Bd4 Bd7 18. Nc3 Ba5 19. Rh3 Qg6 20. Nxe4 dxe4 21. Be2
Qf7 22. b4 Bc7 23. Qb3 g6 24. g4 Kh8 25. g5 Qe8 26. Rh6 b6 27. h4 bxc5 28. Bxc5
Bc8 29. h5 Kg7 30. hxg6 hxg6 31. Kf2 Rd2 32. Rch1 Qg8 33. Ke1 Rd8 34. Be7 1-0

[Event "XVII C.to Italiano U20"]
[Site "Bratto - Castione della Presolana ITA"]
[Date "2009.08.23"]
[Round "3"]
[White "Xia, Jie"]
[Black "Mereu, Matteo"]
[Result "1-0"]
[WhiteElo "2206"]
[BlackElo "1964"]
[PlyCount "69"]
[EventDate "2009.08.21"]

1. d4 d5 2. Nc3 Nf6 3. Bg5 Bf5 4. f3 Nbd7 5. e3 c6 6. g4 Bg6 7. h4 h6 8. Bxf6
gxf6 9. Bd3 Bxd3 10. Qxd3 Qb6 11. O-O-O e6 12. e4 Bd6 13. Nge2 O-O-O 14. exd5
cxd5 15. f4 Kb8 16. f5 Rc8 17. Nb5 Bb4 18. a3 Be7 19. fxe6 fxe6 20. Nf4 Rc4 21.
Ng6 Re8 22. Nxe7 Rxe7 23. Qg3+ Ka8 24. Nc3 a6 25. Qe3 Ka7 26. Nxd5 exd5 27.
Qxe7 Qc6 28. Rd2 Nb6 29. Rh3 Nc8 30. Qf7 Nd6 31. Qxf6 Qc7 32. Qe5 Qc6 33. Qe6
Qc7 34. Qxd5 Nb5 35. Rhd3 1-0

[Event "XVII C.to Italiano U20"]
[Site "Bratto - Castione della Presolana ITA"]
[Date "2009.08.24"]
[Round "4"]
[White "Bellemo, Davide"]
[Black "Stella, Andrea"]
[Result "0-1"]
[WhiteElo "2092"]
[BlackElo "2301"]
[PlyCount "128"]
[EventDate "2009.08.21"]

1. d4 f5 2. g3 Nf6 3. Bg2 g6 4. c4 Bg7 5. Nc3 O-O 6. Nf3 d6 7. O-O c6 8. Rb1 a5
9. a3 Qe8 10. d5 Na6 11. Nd4 Bd7 12. b4 axb4 13. axb4 Nxb4 14. Rxb4 c5 15. Rxb7
cxd4 16. Nb1 Qc8 17. Rb4 Ne4 18. e3 Nc5 19. exd4 Na6 20. Rb2 Qxc4 21. Be3 Rab8
22. Rxb8 Rxb8 23. Qd2 Qb3 24. Bg5 Bf8 25. Qe3 Qxe3 26. Bxe3 Bg7 27. Na3 Rb3 28.
Nc4 Nb4 29. Na5 Rb2 30. Nc6 Bf6 31. h4 e5 32. dxe5 dxe5 33. Bc5 Nd3 34. Be7
Bxe7 35. Nxe7+ Kf7 36. Nc6 e4 37. Ra1 Bxc6 38. dxc6 Rc2 39. Ra7+ Ke6 40. Rd7
Rxc6 41. Rxh7 Rc2 42. h5 gxh5 43. Rxh5 Nxf2 44. Rh8 Kf7 45. Rh7+ Kf6 46. Rh6+
Kg5 47. Rh8 Rd2 48. Re8 Kh5 49. Rh8+ Kg6 50. Re8 Kf7 51. Re5 Kf6 52. Re8 Re2
53. Bf1 Rb2 54. Bg2 Re2 55. Bf1 Ra2 56. Bg2 Rb2 57. Kf1 Kg6 58. Kg1 Kf6 59. Kf1
Kf7 60. Re5 Ng4 61. Rxf5+ Ke6 62. Rf4 Ne3+ 63. Kg1 Rxg2+ 64. Kh1 Ke5 0-1

[Event "XVII C.to Italiano U20"]
[Site "Bratto - Castione della Presolana ITA"]
[Date "2009.08.24"]
[Round "4"]
[White "Bonafede, Alessandro"]
[Black "Xia, Jie"]
[Result "1-0"]
[WhiteElo "2288"]
[BlackElo "2206"]
[PlyCount "47"]
[EventDate "2009.08.21"]

1. e4 c5 2. Nf3 d6 3. d4 cxd4 4. Nxd4 Nf6 5. Nc3 g6 6. Be3 Bg7 7. f3 O-O 8. Qd2
Nc6 9. Bc4 Nd7 10. O-O-O Nb6 11. Bb3 Na5 12. Qd3 Nxb3+ 13. Nxb3 Be6 14. Bd4 Qc8
15. Bxg7 Kxg7 16. h4 Bxb3 17. cxb3 Qc5 18. Kb1 a5 19. Rc1 Qb4 20. Nb5 a4 21. a3
Qa5 22. b4 Qa6 23. Qc3+ Kg8 24. Nc7 1-0

[Event "XVII C.to Italiano U20"]
[Site "Bratto - Castione della Presolana ITA"]
[Date "2009.08.24"]
[Round "4"]
[White "Campagnola, Giacomo"]
[Black "Delledonne, Francesco"]
[Result "1-0"]
[WhiteElo "1821"]
[BlackElo "1936"]
[PlyCount "127"]
[EventDate "2009.08.21"]

1. e4 e6 2. d4 d5 3. Nc3 Bb4 4. Nge2 dxe4 5. a3 Bxc3+ 6. Nxc3 c5 7. Nxe4 cxd4
8. Bg5 f6 9. Bh4 Qa5+ 10. c3 Qe5 11. Qxd4 Qxd4 12. cxd4 Nc6 13. O-O-O Nge7 14.
Nd6+ Kd7 15. Bg3 Nd5 16. Bc4 Nce7 17. Rhe1 a6 18. Ne4 b6 19. Nd6 Rf8 20. Kb1 h5
21. h4 g5 22. Rh1 Nf4 23. Ne4 Bb7 24. d5 exd5 25. hxg5 fxg5 26. Nxg5 Rf5 27.
Bxf4 Rxf4 28. Be2 Rxf2 29. Bxh5 Rxg2 30. Nf7 Rc8 31. Ne5+ Kd6 32. Nf7+ Kd7 33.
Ne5+ Kd6 34. Nf7+ Kc5 35. Rc1+ Kd4 36. Rhd1+ Ke3 37. Re1+ Kd4 38. Rxe7 Rxc1+
39. Kxc1 Bc6 40. Re2 Rg1+ 41. Kc2 Ba4+ 42. b3 Bb5 43. Rd2+ Kc5 44. b4+ Kc6 45.
Kb2 a5 46. Rc2+ Kd7 47. bxa5 bxa5 48. Rc5 Rg2+ 49. Kc3 Bc4 50. Rxa5 Rg3+ 51.
Kd4 Ke6 52. Ne5 Ba2 53. Bf7+ Kd6 54. Ra6+ Kc7 55. Bxd5 Bxd5 56. Kxd5 Rg1 57.
Kc5 Rc1+ 58. Nc4 Rh1 59. Ra7+ Kb8 60. Rd7 Rh5+ 61. Kb6 Kc8 62. Rc7+ Kb8 63. Na5
Rxa5 64. Rh7 1-0

[Event "XVII C.to Italiano U20"]
[Site "Bratto - Castione della Presolana ITA"]
[Date "2009.08.24"]
[Round "4"]
[White "Codenotti, Marco"]
[Black "Coladangelo, Andrea"]
[Result "1-0"]
[WhiteElo "2117"]
[BlackElo "1885"]
[PlyCount "69"]
[EventDate "2009.08.21"]

1. e4 c5 2. Nf3 Nf6 3. Nc3 d6 4. d4 cxd4 5. Nxd4 a6 6. Be2 e5 7. Nb3 Be7 8. O-O
O-O 9. Be3 Qc7 10. a4 Be6 11. a5 Nbd7 12. Nd5 Nxd5 13. exd5 Bf5 14. c4 Bg6 15.
Rc1 Nc5 16. Nxc5 dxc5 17. b4 f5 18. f4 e4 19. Qb3 Bf7 20. Rfd1 Rfd8 21. g3 Rab8
22. Qb2 b6 23. Qe5 Qd7 24. axb6 Rxb6 25. Bxc5 Bf6 26. Bxb6 Rc8 27. c5 Bxe5 28.
fxe5 Bxd5 29. Rxd5 Qe7 30. Bc4 Kf8 31. Rcd1 Qg5 32. c6 f4 33. c7 g6 34. Rd7
Rxc7 35. Rxc7 1-0

[Event "XVII C.to Italiano U20"]
[Site "Bratto - Castione della Presolana ITA"]
[Date "2009.08.24"]
[Round "4"]
[White "De Filomeno, Simone"]
[Black "Fiducioso, Marco"]
[Result "1-0"]
[WhiteElo "2221"]
[BlackElo "2122"]
[PlyCount "87"]
[EventDate "2009.08.21"]

1. e4 e6 2. d4 d5 3. Nc3 Bb4 4. e5 c5 5. a3 Bxc3+ 6. bxc3 Nc6 7. Qg4 g6 8. Nf3
Qa5 9. Bd2 Qa4 10. Kd1 c4 11. Qf4 h6 12. h4 Bd7 13. Nh2 Rh7 14. Ng4 O-O-O 15.
Nf6 Nxf6 16. Qxf6 Qb5 17. Kc1 Qa5 18. Rh3 b5 19. h5 g5 20. Rg3 Qa4 21. f4 gxf4
22. Rg7 Rxg7 23. Qxg7 b4 24. Qxf7 Kc7 25. cxb4 Nxd4 26. Ra2 Nb3+ 27. cxb3 Qxb3
28. Rc2 Qxa3+ 29. Kd1 Kb8 30. Qe7 Qa1+ 31. Bc1 Qd4+ 32. Ke1 Qxe5+ 33. Be2 Kc8
34. Ra2 Rg8 35. Rxa7 Qc3+ 36. Bd2 Qg3+ 37. Kd1 Ba4+ 38. Rxa4 Qb3+ 39. Kc1 Qxa4
40. Qxe6+ Kb7 41. Qxd5+ Ka7 42. Qc5+ Kb7 43. Bf3+ Ka6 44. Qd6+ 1-0

[Event "XVII C.to Italiano U20"]
[Site "Bratto - Castione della Presolana ITA"]
[Date "2009.08.24"]
[Round "4"]
[White "De Nardi, Riccardo"]
[Black "De Bortoli, Thomas"]
[Result "1-0"]
[WhiteElo "2077"]
[BlackElo "1870"]
[PlyCount "63"]
[EventDate "2009.08.21"]

1. e4 c5 2. Nf3 d6 3. d4 cxd4 4. Nxd4 Nf6 5. Nc3 a6 6. Be3 e5 7. Nb3 Be6 8. f3
Be7 9. Qd2 Nbd7 10. O-O-O O-O 11. Nd5 Bxd5 12. exd5 Rc8 13. Qf2 a5 14. a4 Nc5
15. Nxc5 dxc5 16. c4 Qb6 17. Qc2 Ne8 18. Bd3 g6 19. g4 Nd6 20. Bh6 Rfe8 21. h4
Qd8 22. Kb1 Bf8 23. Bxf8 Rxf8 24. h5 Qf6 25. hxg6 fxg6 26. Rh3 Nf7 27. Rdh1 Ng5
28. Rh6 Kg7 29. Qh2 Rh8 30. Bxg6 Rcd8 31. Bxh7 Rxh7 32. Rxh7+ 1-0

[Event "XVII C.to Italiano U20"]
[Site "Bratto - Castione della Presolana ITA"]
[Date "2009.08.24"]
[Round "4"]
[White "Mereu, Matteo"]
[Black "Palmitessa, Andrea"]
[Result "1-0"]
[WhiteElo "1964"]
[BlackElo "1796"]
[PlyCount "83"]
[EventDate "2009.08.21"]

1. e4 e5 2. f4 Bc5 3. Nf3 d6 4. d4 exd4 5. Bd3 Nc6 6. O-O Bg4 7. Nbd2 Nge7 8.
Qe1 O-O 9. Qg3 f5 10. Ng5 Qe8 11. Ne6 Rf6 12. Nxc7 Qc8 13. Nxa8 Rg6 14. Qe1
Qxa8 15. Nb3 Bb6 16. e5 dxe5 17. fxe5 Qb8 18. Bf4 Bc7 19. Nc5 Nd5 20. Bc4 Nce7
21. Nd3 Kh8 22. Kh1 b5 23. Bb3 Qb7 24. Rf2 Bh3 25. Bxd5 Nxd5 26. Qf1 Ne3 27.
Bxe3 dxe3 28. Re2 Bg4 29. Rxe3 Qc8 30. Nf4 Rb6 31. h3 g5 32. Nd5 f4 33. Nxb6
Bxb6 34. Rc3 Qe6 35. hxg4 b4 36. Rh3 Qxg4 37. Qf3 Qd7 38. Qe4 g4 39. e6 Qe7 40.
Qxh7+ Qxh7 41. Rxh7+ Kxh7 42. e7 1-0

[Event "XVII C.to Italiano U20"]
[Site "Bratto - Castione della Presolana ITA"]
[Date "2009.08.24"]
[Round "4"]
[White "Paltrinieri, Nicholas"]
[Black "Caldonazzo, Matteo"]
[Result "1-0"]
[WhiteElo "1998"]
[BlackElo "1802"]
[PlyCount "93"]
[EventDate "2009.08.21"]

1. f4 d5 2. Nf3 Nf6 3. g3 c6 4. Bg2 e6 5. O-O Bd6 6. d3 Nbd7 7. Qe1 O-O 8. e4
Qb6+ 9. Kh1 dxe4 10. dxe4 Bc5 11. Nc3 Bb4 12. Bd2 Qc7 13. e5 Bxc3 14. Bxc3 Nd5
15. Bd2 b5 16. Ng5 N7b6 17. b3 Bb7 18. c4 bxc4 19. bxc4 Ne7 20. Qe4 g6 21. Ba5
Qc8 22. Rab1 Rb8 23. c5 Nbd5 24. Rf2 Ba6 25. Rfb2 Rxb2 26. Rxb2 Qa8 27. Qb1 Nf5
28. Ne4 Nfe3 29. Be1 Nc4 30. Rb3 Kg7 31. Bf3 Rd8 32. Kg1 Nce3 33. Nd6 Nc4 34.
Be2 Nd2 35. Bxd2 Bxe2 36. Rb7 Rf8 37. Nxf7 Qxb7 38. Qxb7 Rxf7 39. Qxc6 Bg4 40.
Qa6 h5 41. c6 h4 42. gxh4 Nxf4 43. Bxf4 Rxf4 44. Qxa7+ Kg8 45. c7 Bh3 46. c8=R+
Rf8 47. Rxf8+ 1-0

[Event "XVII C.to Italiano U20"]
[Site "Bratto - Castione della Presolana ITA"]
[Date "2009.08.24"]
[Round "4"]
[White "Pascucci, Marco"]
[Black "Gallucci, Alessio"]
[Result "0-1"]
[WhiteElo "2008"]
[BlackElo "2240"]
[PlyCount "46"]
[EventDate "2009.08.21"]

1. d4 Nf6 2. Nc3 d5 3. Bg5 Bf5 4. Bxf6 gxf6 5. e3 c6 6. Qd2 Nd7 7. Nge2 b5 8.
Ng3 Bg6 9. h4 h5 10. Bd3 e5 11. Bxg6 fxg6 12. e4 exd4 13. Nce2 c5 14. exd5 Ne5
15. f4 Nc4 16. Qd3 f5 17. O-O Kf7 18. a4 Ne3 19. Rf3 c4 20. Qxd4 Nxc2 21. Qd1
Bc5+ 22. Kf1 Nxa1 23. Qxa1 b4 0-1

[Event "XVII C.to Italiano U20"]
[Site "Bratto - Castione della Presolana ITA"]
[Date "2009.08.24"]
[Round "4"]
[White "Stella, Luca"]
[Black "Sorbera, Giovanni"]
[Result "0-1"]
[WhiteElo "1987"]
[BlackElo "1917"]
[PlyCount "106"]
[EventDate "2009.08.21"]

1. e4 Nf6 2. e5 Nd5 3. d4 d6 4. Nf3 dxe5 5. Nxe5 c6 6. c4 Nb4 7. Be3 Bf5 8. Nd3
e5 9. Nxb4 Bxb4+ 10. Nc3 exd4 11. Qxd4 Qxd4 12. Bxd4 c5 13. Be3 Nc6 14. O-O-O
Bxc3 15. bxc3 b6 16. Rd6 Na5 17. Be2 Rd8 18. Rhd1 Rxd6 19. Rxd6 Be6 20. Bg5 O-O
21. Be7 Re8 22. Rd8 Rxd8 23. Bxd8 Bxc4 24. Bxc4 Nxc4 25. Bc7 Na5 26. Kc2 Kf8
27. Kd3 Ke7 28. Ke4 Kd7 29. Bb8 Kc6 30. Kd3 a6 31. Be5 f6 32. Bb8 Kd5 33. Bc7
Nc4 34. Bg3 b5 35. f3 a5 36. Bf2 Ne5+ 37. Kc2 Kc4 38. Be3 f5 39. Bd2 Ng6 40.
Bg5 Ne5 41. Bd8 a4 42. Be7 Nd3 43. Kd2 b4 44. cxb4 cxb4 45. Bf8 g6 46. Bg7 Nc5
47. Bf6 b3 48. a3 Ne6 49. Be5 Nd4 50. Kc1 Kd3 51. Kb2 Nc2 52. g4 fxg4 53. fxg4
Ne3 0-1

[Event "XVII C.to Italiano U20"]
[Site "Bratto - Castione della Presolana ITA"]
[Date "2009.08.24"]
[Round "4"]
[White "Testa, Adriano"]
[Black "Gallana, Marco"]
[Result "0-1"]
[WhiteElo "2142"]
[BlackElo "1980"]
[PlyCount "102"]
[EventDate "2009.08.21"]

1. e4 c6 2. Nf3 d5 3. Nc3 Bg4 4. h3 Bxf3 5. Qxf3 e6 6. d3 d4 7. Ne2 Qb6 8. g4
Bd6 9. Bg2 Ne7 10. c3 Be5 11. O-O c5 12. cxd4 cxd4 13. b3 Ng6 14. Ng3 O-O 15.
Bd2 Nc6 16. Nh5 Qc7 17. Rac1 Qd6 18. Rc2 Nb4 19. Bxb4 Qxb4 20. Rfc1 a5 21. Qd1
b5 22. Qe1 Qxe1+ 23. Rxe1 Rac8 24. Rec1 Rc3 25. f4 Bxf4 26. Rxc3 dxc3 27. Rxc3
Be5 28. Rc6 Ne7 29. Ra6 g6 30. Rxa5 Rb8 31. Kf1 gxh5 32. gxh5 Nc6 33. Ra6 Nb4
34. Ra7 Nxd3 35. Bf3 Nf4 36. Bg4 Kg7 37. Ke1 h6 38. Kd1 Rd8+ 39. Kc2 b4 40. a3
bxa3 41. Rxa3 Rd4 42. Ra4 Rxa4 43. bxa4 Bd4 44. h4 Kf6 45. Bf3 Ke5 46. a5 Nh3
47. Kd3 Nf2+ 48. Kc4 Nxe4 49. Kb5 f5 50. Kc6 Nd2 51. Be2 f4 0-1

[Event "XVII C.to Italiano U20"]
[Site "Bratto - Castione della Presolana ITA"]
[Date "2009.08.24"]
[Round "4"]
[White "Valbusa, Lorenzo"]
[Black "Rombaldoni, Brian"]
[Result "0-1"]
[WhiteElo "1749"]
[BlackElo "1831"]
[PlyCount "74"]
[EventDate "2009.08.21"]

1. e4 c6 2. d4 d5 3. Nc3 dxe4 4. Nxe4 Nd7 5. Nf3 Ngf6 6. Nc3 Nb6 7. Be3 Bg4 8.
h3 Bh5 9. g4 Bg6 10. Bd3 e6 11. Ne5 Bxd3 12. Qxd3 Nfd5 13. Bd2 Nb4 14. Qe4 N6d5
15. Rc1 Qc7 16. a3 Nxc3 17. Bxc3 Na2 18. Ra1 Nxc3 19. bxc3 Bd6 20. O-O Bxe5 21.
Qxe5 Qxe5 22. dxe5 O-O-O 23. Rad1 Rxd1 24. Rxd1 Rd8 25. Rd3 Rd5 26. Rxd5 cxd5
27. Kf1 Kc7 28. Ke2 Kc6 29. Kd3 Kb5 30. Kd4 g5 31. c4+ dxc4 32. c3 a5 33. a4+
Kxa4 34. Kxc4 b5+ 35. Kd4 b4 36. c4 b3 37. Kc3 Ka3 0-1

[Event "XVII C.to Italiano U20"]
[Site "Bratto - Castione della Presolana ITA"]
[Date "2009.08.25"]
[Round "5"]
[White "Caldonazzo, Matteo"]
[Black "Delledonne, Francesco"]
[Result "0-1"]
[WhiteElo "1802"]
[BlackElo "1936"]
[PlyCount "110"]
[EventDate "2009.08.21"]

1. d4 d5 2. Nf3 Nf6 3. Bf4 c6 4. e3 e6 5. c4 Nbd7 6. Nc3 Be7 7. Bd3 dxc4 8.
Bxc4 b5 9. Bd3 Bb7 10. O-O a6 11. Ne5 c5 12. dxc5 Nxc5 13. Bc2 Qb6 14. b4 Ncd7
15. Nxd7 Nxd7 16. a3 Nf6 17. f3 Nh5 18. Kh1 Nxf4 19. exf4 Rd8 20. Bd3 Qd4 21.
Bxb5+ axb5 22. Qxd4 Rxd4 23. Nxb5 Rd7 24. Rfb1 O-O 25. a4 Rfd8 26. h3 Bc6 27.
Nc3 Bf6 28. b5 Bb7 29. Ra3 Rc8 30. Ne4 Be7 31. Ra2 Bd5 32. Raa1 f5 33. Ng3 Ra7
34. a5 Rca8 35. b6 Ra6 36. Rb5 Bd8 37. Nxf5 exf5 38. b7 Bxb7 39. Rxb7 Rxa5 40.
Rxa5 Rxa5 41. g4 Bh4 42. gxf5 Rxf5 43. Rb8+ Kf7 44. Rb7+ Kg6 45. Rb6+ Rf6 46.
Rb5 Rxf4 47. Kg2 Rc4 48. Rb6+ Kf5 49. Rb5+ Kf4 50. Rb2 Bf6 51. Ra2 Rb4 52. Re2
Rb2 53. Rf2 Rxf2+ 54. Kxf2 Bh4+ 55. Kg2 Bg3 0-1

[Event "XVII C.to Italiano U20"]
[Site "Bratto - Castione della Presolana ITA"]
[Date "2009.08.25"]
[Round "5"]
[White "Coladangelo, Andrea"]
[Black "Mereu, Matteo"]
[Result "1-0"]
[WhiteElo "1885"]
[BlackElo "1964"]
[PlyCount "89"]
[EventDate "2009.08.21"]

1. e4 e5 2. Nf3 d5 3. exd5 e4 4. Qe2 Nf6 5. Nc3 Be7 6. Nxe4 O-O 7. Nxf6+ Bxf6
8. d4 Qxd5 9. Be3 Bg4 10. h3 Qh5 11. O-O-O c6 12. Rg1 Be6 13. Ne5 Qxe2 14. Bxe2
Nd7 15. Nxd7 Bxd7 16. Bc4 b5 17. Bb3 a5 18. c3 a4 19. Bc2 Rac8 20. Bf4 Be6 21.
Kb1 Rfd8 22. Be5 Bxe5 23. dxe5 g5 24. Rxd8+ Rxd8 25. Rd1 Rxd1+ 26. Bxd1 Bd5 27.
g3 Kf8 28. a3 Ke7 29. Bg4 h5 30. Bxh5 Ke6 31. Kc2 Kxe5 32. Kd3 Bc4+ 33. Ke3 f5
34. f4+ gxf4+ 35. gxf4+ Kd6 36. Bg6 Be6 37. Kd4 c5+ 38. Kd3 Ke7 39. Ke3 Kf6 40.
Bh5 Bd7 41. Be2 Kg6 42. Kf3 Kh6 43. Kg3 Be8 44. Kh4 Kg6 45. Bh5+ 1-0